| 000 | 00900nam a2200301 i 4500 | ||
|---|---|---|---|
| 001 | 000015661 | ||
| 003 | DO-SdBNP | ||
| 005 | 20240305135410.0 | ||
| 007 | ta | ||
| 008 | 100217s1996 dr 000 0 spa d | ||
| 020 | _a8484001873 | ||
| 040 |
_aDO-SdBNP _bspa _cBNPHU _erda |
||
| 049 | _aBNPD | ||
| 082 | 4 |
_aC863.44 _bG216n _222 |
|
| 100 | 1 |
_aGarcía Márquez, Gabriel, _b1928-2014 _91804 |
|
| 245 | 1 | 0 |
_aNoticia de un secuestro / _cGabriel García Márquez. |
| 264 |
_aSanto Domingo : _bTaller, _c1996. |
||
| 300 |
_a346 páginas ; _c21 cm. |
||
| 336 |
_2rdacontent _atexto _btxt |
||
| 337 |
_2rdamedia _asin mediación _bn |
||
| 338 |
_2rdacarrier _avolumen _bnc |
||
| 490 |
_aBiblioteca taller _v317 |
||
| 590 | _aInventariado, 2023/BT | ||
| 650 | 4 |
_aNovela colombiana _91243 |
|
| 650 | 4 |
_aLiteratura colombiana _91244 |
|
| 910 | _aValidado. Control de calidad. MMOLINA | ||
| 942 |
_2ddc _cLBS1 |
||
| 999 |
_c15213 _d15213 |
||